• 首页
  • 本馆介绍
  • 公告通知
  • 最新文献
  • 馆藏检索
  • 电子资源
  • 读者导购
  • 参考咨询
  • 我的图书馆
  • 登录
  • 详细信息显示
  • 放入我的书架
  • 预约/预借图书
  • 作者相关作品
  • 分类相关作品
  • 丛书相关作品
  • 出版社相关作品

书目信息

  • 表格格式
  • 工作单格式
  • 卡片格式
题名:
诗学广论
    
 
作者: 姜书阁 著
分册:  
出版信息: 北京   中国社会科学出版社  1982
页数: 394页
开本: 19cm
丛书名:
单 册:
中图分类: I207.2
科图分类:
主题词: 诗歌--文学研究--中国
电子资源:
ISBN:
000 00610nam0 2200229 45
001 0182004962
005 20060911110432.48
010    @dCNY1.20
091    @a10190.111
100    @a19950517d1982 em y0chiy0121 ea
101 0  @achi
102    @aCN@b110000
105    @ay z 000yy
200 10 @a诗学广论@Ashi xue guang lun@f姜书阁著@FJiang Shu Ge Zhu
210    @a北京@c中国社会科学出版社@d1982
215    @a394页@d19cm
606 0  @a诗歌@x文学研究@y中国
690    @aI207.2@v3
701  0 @a姜书阁@4著
801  2 @aCN@bNLC@c20060911
801  0 @aCN@b上海图书馆@c20060816
905    @dI207.2@e107@b211539@f1
    
    诗学广论/姜书阁著.-北京:中国社会科学出版社,1982
    394页;19cm
    
    
    ISBN :CNY1.20
    
●
相关链接 在E读中查询图书 在五车中查询图书 在当当中查询图书 在豆瓣中查询图书


正题名:诗学广论     索取号:I207.2/107         预约/预借

序号 登录号 条形码 馆藏地/架位号 状态 备注
1 0079196   000731578   第二借阅区/ [索取号:I207.2/107] 在馆    
2 0079197   000731596   第二借阅区/ [索取号:I207.2/107] 在馆    
3 0079198   000731569   第二借阅区/ [索取号:I207.2/107] 在馆    
4 0079199   000731603   第二借阅区/ [索取号:I207.2/107] 在馆    
5 0079200   001710367   密集书库/ [索取号:I207.2/107] 在馆    
6 0174844   000731587   第一样本阅览室/ [索取号:I207.2/107] 在馆    
7 0211538   000731621   第二借阅区/ [索取号:I207.2/107] 在馆    
8 0211539   002011977   第二借阅区/ [索取号:I207.2/107] 在馆    
9 0211540   000731612   第二借阅区/ [索取号:I207.2/107] 在馆    
10 0420582   204205822   密集书库/ [索取号:I207.2/107] 在馆    
11 0420583   204205831   密集书库/ [索取号:I207.2/107] 在馆    
12 0420584   204205840   密集书库/ [索取号:I207.2/107] 在馆    
13 0450942   204509424   密集书库/ [索取号:I207.2/107] 在馆    
14 0450943   204509433   密集书库/ [索取号:I207.2/107] 在馆    
15 0450944   204509442   密集书库/ [索取号:I207.2/107] 在馆    
16 0450945   204509451   密集书库/ [索取号:I207.2/107] 在馆    
17 0451136   204511368   密集书库/ [索取号:I207.2/107] 在馆    
18 0451137   204511377   密集书库/ [索取号:I207.2/107] 在馆    
19 0457422   204574228   密集书库/ [索取号:I207.2/107] 在馆    
20 0457423   204574237   密集书库/ [索取号:I207.2/107] 在馆    
21 0457424   204574246   密集书库/ [索取号:I207.2/107] 在馆    
22 0457425   204574255   密集书库/ [索取号:I207.2/107] 在馆    
23 0457426   204574264   密集书库/ [索取号:I207.2/107] 在馆    
24 0457427   204574273   密集书库/ [索取号:I207.2/107] 在馆    
25 0457428   204574282   密集书库/ [索取号:I207.2/107] 在馆    
26 0475346   204753463   密集书库/ [索取号:I207.2/107] 在馆    
唐山师范学院图书馆 欢迎您!
大连网信软件有限公司© 版权所有